| 000 | 00763nam a2200253Ia 4500 | ||
|---|---|---|---|
| 005 | 20250425162832.0 | ||
| 008 | 250425s9999 xx 000 0 und d | ||
| 020 | _a9788489660359 | ||
| 041 | _aspa | ||
| 082 |
_a332 _pESTf |
||
| 100 | _aEstrada, Javier | ||
| 245 | 0 |
_aFinanzas en pocas palabras _bun compañero eficiente para las herramientas y técnicas financieras _cJavier, Estrada. |
|
| 250 | _a1a.ed. | ||
| 260 |
_aEspaña _bPEARSON PRENTICE- HALL _c2005. |
||
| 300 |
_a421 p. _bil _c24x17 cm. |
||
| 500 | _aDonado: Dr. Clermont Muñoz | ||
| 500 | _aTraducido: Finance in nutshell | ||
| 650 | _aEstadística | ||
| 650 | _aFinanza | ||
| 650 | _aRiesgo y rentabilidad | ||
| 700 |
_aEstrada, Javier _etraductor |
||
| 942 | _c01 | ||
| 010 | _a112074 | ||
| 999 |
_c237423 _d237423 |
||